000 00445nam a2200181 a 4500
001 1767587676786
003 YourLibrary
005 20260105104546.0
008 260105s2005##################000#0#eng##
020 _a9780748619498
082 0 4 _a300.1
_bJOS
100 1 _aJoseph, Jonathan,
_eauthor.
245 1 0 _aSocial Theory :
260 _c2005.
650 0 _aSocial Science.
942 _cENGLISH
040 _aYourLibrary
_beng
_cYourLibrary
999 _c607277
_d607277